| 000 | 00769nam a22002057a 4500 | ||
|---|---|---|---|
| 003 | 0 | ||
| 005 | 20250219164047.0 | ||
| 008 | 250219b xxu||||| |||| 00| 0 eng d | ||
| 050 |
_aHF 5667 _b.H47 2023 |
||
| 100 | _aHerrera, partricia iole C. | ||
| 245 |
_aThe moral intensity of reduced audit quality(raq) acts: the auditors' perception _cPatricia iole C. Herrera |
||
| 260 |
_aLas Pinas City _bSouthville International School and Colleges _c2023 |
||
| 300 |
_ax, 116 pages; _c28cm. |
||
| 500 | _abachelor of Science in Accountancy | ||
| 504 | _aIncludes bibliographical references and appendices. | ||
| 650 | _aAuditing—Moral and ethical aspects. | ||
| 650 | _aAuditors—Professional ethics. | ||
| 650 | _aReduced audit quality (RAQ) acts. | ||
| 942 |
_2lcc _cTH |
||
| 999 |
_c367255 _d367255 |
||